000 00563cam a2200181 a 4500
008 040211s1990 ec 000 0 spa u
020 _a8400063872
035 _aa435195
050 0 0 _aF3721 .3 .F7
_bE88 1990
100 1 _aEstrella, Eduardo
245 1 3 _aEl Plan de América :
_betnohistoria de los alimentos aborígenes en el ecuador /
_cEduardo Estrella.
250 _a3a. ed.
260 _aQuito, Ecuador :
_bAbya-Yala,
_c1990.
300 _a390 p. ;
_c22 cm.
440 0 _a500 años ;
_v29
650 0 _aAlimentos
_zEcuador
_xHistoria
942 _2lcc
_cLIB
999 _c63723
_d63723